000 00725cab a2200229 4500
001 WB3329-55
008 090401t1997 xxu||||| |||| 00| 0 eng d
035 _a(Sirsi) u79822
041 _aeng
245 _aGreen farms
260 _c1997
350 _a0
490 _aFinancial Times
_v23 July 1997, 12(2)
520 _aFood quality assurance schemes such as Leaf (Linking Environment and Farming) have taken off in recent months, as more farmers turn to environmentally friendly methods to boost their income.
650 _aENVIRONMENTALLY FRIENDLY FARMING
650 _aFOOD QUALITY
650 _aLEAF
650 _aQUALITY ASSURANCE SCHEMES
690 _aRURAL PRACTICE
942 _n0
948 _c23/07/1997
999 _c50220
_d50220